• 首页
  • 本馆介绍
  • 公告通知
  • 最新文献
  • 馆藏检索
  • 电子资源
  • 读者导购
  • 参考咨询
  • 我的图书馆
  • 登录
  • 详细信息显示
  • 放入我的书架
  • 预约/预借图书
  • 作者相关作品
  • 分类相关作品
  • 丛书相关作品
  • 出版社相关作品

书目信息

  • 表格格式
  • 工作单格式
  • 卡片格式
题名:
潘伯鹰楷书豫园记
    
 
作者: 潘伯鹰 书 ;上海书画出版社 编
分册:  
出版信息: 上海   上海书画出版社  1983
页数: 26页
开本: 27cm
丛书名:
单 册:
中图分类: J292.33
科图分类:
主题词: 法书-楷书--中国--现代--选集 , 楷书-法书--中国--现代--选集
电子资源:
ISBN:
000 00743nam0 2200253 45
001 0183004147
005 20061115082202.15
010    @dCNY0.60
091    @aCN@b7172.170
100    @a19950516d1983 emky0chiy0121 ea
101 0  @achi
102    @aCN@b310000
105    @ay z 000yy
200 10 @a潘伯鹰楷书豫园记@Apan bai ying kai shu yu yuan ji@f潘伯鹰书@g上海书画出版社编
210    @a上海@c上海书画出版社@d1983
215    @a26页@d27cm
606    @a法书-楷书@y中国@z现代@x选集
606    @a楷书-法书@y中国@z现代@x选集
690    @aJ292.33@v3
701  0 @a潘伯鹰@Apan bai ying@4书
712 02 @a上海书画出版社@Ashang hai shu hua chu ban she@4编
801  2 @aCN@bNLC@c20061115
801  0 @aCN@bTSSF
905    @a10447@dJ292.33@e188
    
    潘伯鹰楷书豫园记/潘伯鹰书/上海书画出版社编.-上海:上海书画出版社,1983
    26页;27cm
    
    
    ISBN :CNY0.60
    
●
相关链接 在E读中查询图书 在五车中查询图书 在当当中查询图书 在豆瓣中查询图书


正题名:潘伯鹰楷书豫园记     索取号:J292.33/188         预约/预借

序号 登录号 条形码 馆藏地/架位号 状态 备注
1 0209339   000697071   第一样本阅览室/ [索取号:J292.33/188] 在馆    
唐山师范学院图书馆 欢迎您!
大连网信软件有限公司© 版权所有